Coronation Street Characters - Statistics

General Stats
  • This quiz has been taken 812 times
  • The average score is 41 of 62
Answer Stats
Hint Answer % Correct
Barlow Ken
93%
Alahan Dev
91%
Platt David
88%
Barlow Peter
88%
Cropper Roy
87%
McDonald Steve
87%
Webster Sally
86%
Connor Carla
85%
Stape Fiz
85%
Webster Kevin
85%
McIntyre Gail
84%
Dobbs Tyrone
84%
Windass Gary
83%
Bishop Emily
82%
Tilsley Nick
82%
Grimshaw Eileen
80%
Cropper Hayley
80%
Stape John
79%
Cole Norris
79%
Webster Sophie
79%
Grimshaw Jason
77%
Tanner Rita
77%
McIntyre Tina
77%
Barlow Tracey
76%
Connor Michelle
74%
Barlow Simon
74%
McDonald Amy
73%
Roberts Audrey
73%
Brown Chesney
71%
Stape Hope
71%
Tilsley Leanne
71%
Armstrong Izzy
70%
Platt Kylie
70%
Tinker Beth
68%
Tully Sean
67%
Windass Faye
66%
Sutherland Kirk
66%
Connor Maria
66%
Armstrong Owen
66%
Tanner Dennis
64%
Armstrong Katy
63%
Duckworth Tommy
63%
Price Eva
62%
Barlow Deirdre
61%
Packham Brian
59%
Donovan Rob
58%
Price Stella
56%
Carp Julie
55%
Connor Ryan
54%
Mullaney Lloyd
50%
Soames Kirsty
49%
Taylor Mary
49%
Soames Ruby
47%
Munro Karl
46%
Price Gloria
45%
Dent Marcus
38%
Windass Ana
37%
Kershaw Paul
35%
Kamara Jenna
29%
Kamara Mandy
27%
Goodwin Sylvia
26%
Carter Matt
25%
No matching quizzes found
Score Distribution
Percent of People with Each Score
Percentile by Number Answered
Your Score History
You have not taken this quiz